| 000 | 03406nam a22004575i 4500 | ||
|---|---|---|---|
| 001 | 978-3-658-44272-9 | ||
| 003 | DE-He213 | ||
| 005 | 20240828123657.0 | ||
| 007 | cr nn 008mamaa | ||
| 008 | 240427s2024 gw | s |||| 0|ger d | ||
| 020 |
_a9783658442729 _9978-3-658-44272-9 |
||
| 024 | 7 |
_a10.1007/978-3-658-44272-9 _2doi |
|
| 050 | 4 | _aHD28-70 | |
| 072 | 7 |
_aKJM _2bicssc |
|
| 072 | 7 |
_aBUS041000 _2bisacsh |
|
| 072 | 7 |
_aKJM _2thema |
|
| 082 | 0 | 4 |
_a658 _223 |
| 100 | 1 |
_aLaschet, Fabio-Yannick. _eauthor. _4aut _4http://id.loc.gov/vocabulary/relators/aut _914911 |
|
| 245 | 1 | 0 |
_aNoncomplainer-Management im BtB-Marketing _h[electronic resource] / _cvon Fabio-Yannick Laschet. |
| 250 | _a1st ed. 2024. | ||
| 264 | 1 |
_aWiesbaden : _bSpringer Fachmedien Wiesbaden : _bImprint: Springer Gabler, _c2024. |
|
| 300 |
_aXXIII, 365 S. 38 Abb., 36 Abb. in Farbe. _bonline resource. |
||
| 336 |
_atext _btxt _2rdacontent |
||
| 337 |
_acomputer _bc _2rdamedia |
||
| 338 |
_aonline resource _bcr _2rdacarrier |
||
| 347 |
_atext file _bPDF _2rda |
||
| 505 | 0 | _aNoncomplainer als Herausforderung für das BtB-Marketing -- BtB-Marketing als eigenständige Teildisziplin des Marketings -- Grundlagen des Beschwerdemanagements und Noncomplainings -- Empirische Studien zu Noncomplainern im BtB-Kontext.-Diskussion der Ergebnisse und Handlungsimplikationen für Theorie und Praxis -- Schlussbetrachtung. | |
| 506 | 0 | _aOpen Access | |
| 520 | _aIn diesem Open Access-Buch untersucht Dr. Fabio-Yannick Laschet unter Berücksichtigung der konstitutiven Besonderheiten des Business-to-Business-Marketings spezifische Determinanten des Noncomplainer-Verhaltens sowie ausgewählte Ansatzpunkte zur Bindung von Noncomplainern. Der Wandel, in dem sich aktuell Business-to-Business-Märkte befinden, stellt Anbieter angesichts sich verändernder Kundenerwartungen, aber auch gesellschaftlicher Entwicklungen, vor neue Herausforderungen. Eine Möglichkeit, um diesen entgegnen zu können, stellt ein ausgeprägtes Wissen über aktuelle und potenzielle Kunden dar - und damit auch Kundeninformationen. Vor diesem Hintergrund können Noncomplainer, die ihre Unzufriedenheit nicht unmittelbar an den Anbieter artikulieren, als eine wertvolle Informationsquelle für notwendige Innovations- und Verbesserungspotenziale des Leistungsportfolios gesehen werden. Anhand der in dieser Arbeit entwickelten Neuausrichtung des Business-to-Business-Beschwerdemanagements - dem sogenannten "Ambidexterity-Complaint-Management" - zeigt Dr. Fabio-Yannick Laschet, wie die Erreichung psychografischer und ökonomischer Marketingzielgrößen in der betrieblichen Praxis obgleich der Noncomplainer-Herausforderung gesichert werden kann. Der Autor Dr. Fabio-Yannick Laschet arbeitet als Head of Marketing. Parallel war er während seiner Promotionszeit als wissenschaftlicher Mitarbeiter am Lehrstuhl für BWL, insb. Marketing von Herrn Univ.-Prof. Dr. Peter Kenning an der Heinrich-Heine-Universität Düsseldorf tätig. . | ||
| 650 | 0 | _aManagement. | |
| 650 | 0 | _aMarketing. | |
| 650 | 1 | 4 | _aManagement. |
| 650 | 2 | 4 | _aMarketing. |
| 710 | 2 | _aSpringerLink (Online service) | |
| 773 | 0 | _tSpringer Nature eBook | |
| 776 | 0 | 8 |
_iPrinted edition: _z9783658442712 |
| 856 | 4 | 0 | _uhttps://doi.org/10.1007/978-3-658-44272-9 |
| 912 | _aZDB-2-SWI | ||
| 912 | _aZDB-2-SOB | ||
| 999 |
_c577051 _d577051 |
||